Paleobotany: an introduction to fossil plant biology

Guardat en:
Dades bibliogràfiques
Autor principal: Taylor, Thomas N (Autor)
Format: Llibre
Idioma:anglès
Publicat: Nueva York McGraw-Hill 1981
Matèries:
Etiquetes: Afegir etiqueta
Sense etiquetes, Sigues el primer a etiquetar aquest registre!

MARC

LEADER 00000nam a2200000 a 4500
001 UCU4388
003 CL-VaPUC
008 960517e19810000US |||||||||||||||||eng|d
082 0 4 |a 561  |b TAY  |2 21 
100 0 |a Taylor, Thomas N  |e author  |9 361944 
245 1 0 |a Paleobotany: an introduction to fossil plant biology 
300 |a 589 p 
942 |c BK 
945 |d 19960517 00:00:00  |a rleighto 
260 |a Nueva York  |b McGraw-Hill  |c 1981 
650 7 |a PALEOBOTANICA  |2 CL-VaPUC  |9 344348 
650 0 |a Plantas  |9 264555 
650 0 |a Biología  |9 262022 
650 0 |a Hongos  |9 261629 
650 0 |a Bacterias  |9 298237 
650 0 |a Algas (algae)  |9 261246 
650 7 |a LIQUENES  |2 CL-VaPUC  |9 259953 
650 0 |a Morfología vegetal   |9 261628 
650 0 |a Semillas   |9 264396 
650 0 |a Genética vegetal  |9 264341 
583 |a last modification  |c 19960517 00:00:00  |k Rodrigo Vera 
999 |c 248117  |d 248115 
952 |0 0  |1 0  |4 0  |6 561_000000000000000_TAY_1981  |7 0  |8 A  |9 264541  |a BIBCUR  |b BIBCUR  |d 2019-11-19  |i 3199819  |l 4  |m 1  |o 561 TAY 1981  |p 3199819  |r 2025-04-22  |s 2025-03-07  |w 2019-11-19  |y BK  |k BCB